[Event "Int. Championship of Central Serbia - O"]
[Site "Paracin"]
[Date "2011.07.09"]
[Round "3.1"]
[White "Abramovic, Bosko"]
[Black "Bogosavljevic, Boban"]
[Result "1-0"]
[WhiteElo "2464"]
[BlackElo "2548"]
[PlyCount "129"]
[EventDate "2011.??.??"]

1. d4 Nf6 2. c4 c6 3. Nc3 d5 4. cxd5 cxd5 5. Bf4 Qb6 6. Qb3 Qxd4 7. Bxb8 Rxb8
8. e3 Qb6 9. Bb5+ Bd7 10. Nxd5 Qa5+ 11. Nc3 Bxb5 12. Qxb5+ Qxb5 13. Nxb5 a6 14.
Nc3 e6 15. Nge2 Bd6 16. O-O-O Ke7 17. Kb1 Rhd8 18. h3 h5 19. Nd4 g5 20. Rhf1 g4
21. hxg4 hxg4 22. Rh1 Rh8 23. Kc2 Rbd8 24. Nde2 Rc8 25. Kb1 Be5 26. f4 gxf3 27.
gxf3 Rcg8 28. f4 Bb8 29. e4 Ng4 30. e5 Ne3 31. Rdg1 Ba7 32. Rc1 Rxh1 33. Rxh1
Rg2 34. a3 Rf2 35. Rh8 Nd5 36. Nxd5+ exd5 37. Nc3 d4 38. Nd5+ Ke6 39. Rd8 d3
40. Nc7+ Kf5 41. Rxd3 Rxf4 42. Rb3 Rf1+ 43. Ka2 Kxe5 44. Rxb7 Bd4 45. Nxa6 Rf2
46. Nb8 Kd5 47. a4 f5 48. a5 f4 49. a6 f3 50. a7 Bxa7 51. Rxa7 Rh2 52. Na6 f2
53. Rf7 Kd4 54. Nb4 Ke3 55. Nd5+ Ke2 56. Nc3+ Ke1 57. Re7+ Kd2 58. Rd7+ Kc2 59.
Rf7 Kc1 60. Ne4 Rh7 61. Rxf2 Ra7+ 62. Kb3 Rb7+ 63. Kc3 Rc7+ 64. Kd3 Rb7 65. Nc5
1-0

[Event "Int. Championship of Central Serbia - O"]
[Site "Paracin"]
[Date "2011.07.09"]
[Round "3.4"]
[White "Savic, Miodrag R"]
[Black "Pancevski, Filip"]
[Result "1/2-1/2"]
[WhiteElo "2520"]
[BlackElo "2410"]
[PlyCount "59"]
[EventDate "2011.??.??"]

1. e4 g6 2. d4 Bg7 3. Nf3 d6 4. Nc3 c6 5. Be3 Nf6 6. h3 O-O 7. Be2 Nbd7 8. a4
a5 9. O-O e5 10. dxe5 dxe5 11. Nd2 Nb6 12. Qb1 Be6 13. b4 Nbd7 14. Bc4 Bxc4 15.
Nxc4 axb4 16. Qxb4 Qc7 17. a5 Rfb8 18. Nb6 Ra6 19. Qc4 Qd8 20. Rfd1 Qe8 21. Qd3
Nxb6 22. Bxb6 Bf8 23. Rab1 Rc8 24. Bd8 Nd5 25. exd5 Rxd8 26. Rxb7 Rxa5 27. Ne4
Kg7 28. c4 Rd7 29. Qb3 Rxb7 30. Qxb7 1/2-1/2

[Event "Int. Championship of Central Serbia - O"]
[Site "Paracin"]
[Date "2011.07.09"]
[Round "3.5"]
[White "Smith, Bryan G"]
[Black "Milenkovic, Mladen"]
[Result "1-0"]
[WhiteElo "2503"]
[BlackElo "2405"]
[PlyCount "59"]
[EventDate "2011.??.??"]

1. e4 c5 2. Nf3 d6 3. d4 cxd4 4. Nxd4 Nf6 5. Nc3 g6 6. Be3 Bg7 7. f3 O-O 8. Qd2
Nc6 9. O-O-O Nxd4 10. Bxd4 Be6 11. Kb1 Qc7 12. Nb5 Qd7 13. Be3 Rfc8 14. g4 a6
15. Nd4 Bc4 16. h4 Bxf1 17. Rdxf1 Rc4 18. h5 Rac8 19. c3 b5 20. Rfg1 a5 21. Nf5
gxf5 22. gxf5 Kf8 23. Qg2 Qc6 24. Qxg7+ Ke8 25. Bd4 Rxd4 26. cxd4 Qc2+ 27. Ka1
Rc4 28. e5 Ra4 29. e6 Qb3 30. Qg8+ 1-0

[Event "Int. Championship of Central Serbia - O"]
[Site "Paracin"]
[Date "2011.07.09"]
[Round "3.6"]
[White "Sertic, Rudolf"]
[Black "Miljkovic, Miroslav"]
[Result "1/2-1/2"]
[WhiteElo "2406"]
[BlackElo "2495"]
[PlyCount "40"]
[EventDate "2011.??.??"]

1. d4 d5 2. c4 c6 3. Nf3 Nf6 4. e3 e6 5. b3 Nbd7 6. Bd3 Bd6 7. Bb2 O-O 8. O-O
b6 9. Nbd2 Bb7 10. Ne5 c5 11. f4 Ne4 12. Qc2 f5 13. Ndf3 Ndf6 14. Qe2 Qe7 15.
Rac1 Rac8 16. Rc2 Rc7 17. Rcc1 Rcc8 18. Rc2 Rc7 19. Rcc1 Rcc8 20. Rc2 Rc7
1/2-1/2

[Event "Int. Championship of Central Serbia - O"]
[Site "Paracin"]
[Date "2011.07.09"]
[Round "3.8"]
[White "Doric, Nenad"]
[Black "Petkov, Vladimir"]
[Result "0-1"]
[WhiteElo "2322"]
[BlackElo "2490"]
[PlyCount "38"]
[EventDate "2011.??.??"]

1. d4 Nf6 2. c4 e6 3. Nc3 Bb4 4. Qc2 O-O 5. a3 Bxc3+ 6. Qxc3 d5 7. cxd5 Ne4 8.
Qb3 exd5 9. Nf3 c5 10. dxc5 Na6 11. e3 Bg4 12. Bxa6 Qa5+ 13. Qb4 Qxa6 14. Nd4
Rac8 15. Qb5 Qxb5 16. Nxb5 Nxc5 17. Nc3 Nb3 18. Rb1 d4 19. exd4 Bf5 0-1

[Event "Int. Championship of Central Serbia - OP"]
[Site "Paracin"]
[Date "2011.07.09"]
[Round "3.9"]
[White "Saric, Sinisa"]
[Black "Popovic, Aleksandar M"]
[Result "1-0"]
[WhiteElo "2472"]
[BlackElo "2321"]
[PlyCount "97"]
[EventDate "2011.07.08"]

1. d4 g6 2. c4 Bg7 3. e4 c5 4. d5 d6 5. Nf3 Nf6 6. Nc3 O-O 7. h3 e6 8. Bd3 exd5
9. exd5 Re8+ 10. Be3 Na6 11. O-O Nc7 12. a4 Na6 13. Qd2 Nb4 14. Bb1 b6 15. Bg5
a6 16. Qf4 Nh5 17. Qc1 f6 18. Bd2 f5 19. Ra3 Bd7 20. Na2 Nxa2 21. Rxa2 b5 22.
b4 cxb4 23. Bxb4 Rc8 24. axb5 Bxb5 25. Bd3 Nf6 26. Qf4 Nxd5 27. Qxd6 Nxb4 28.
Qxb4 Qxd3 29. cxb5 axb5 30. Rb1 Qc4 31. Ra7 Qd3 32. Qxb5 Qxb5 33. Rxb5 Rb8 34.
Rd5 Rbd8 35. Rxd8 Rxd8 36. g3 h6 37. h4 Rd6 38. Kg2 Bf6 39. h5 g5 40. Ra5 f4
41. gxf4 gxf4 42. Rf5 Kg7 43. Kh3 Rd1 44. Rxf4 Rh1+ 45. Kg3 Rf1 46. Nh4 Rg1+
47. Kf3 Rh1 48. Nf5+ Kh7 49. Ng3 1-0

[Event "Int. Championship of Central Serbia - OP"]
[Site "Paracin"]
[Date "2011.07.09"]
[Round "3.11"]
[White "Martic, Ivan"]
[Black "Blagojevic, Dragisa"]
[Result "1/2-1/2"]
[WhiteElo "2347"]
[BlackElo "2516"]
[PlyCount "52"]
[EventDate "2011.07.08"]

1. e4 e5 2. Nf3 Nc6 3. Bb5 a6 4. Ba4 Nf6 5. O-O Be7 6. Re1 d6 7. Bxc6+ bxc6 8.
d4 exd4 9. Nxd4 Bd7 10. Nc3 O-O 11. Bg5 h6 12. Bh4 Nh7 13. Bxe7 Qxe7 14. Qd3
Rfe8 15. Re3 Nf8 16. b3 Ng6 17. Rg3 c5 18. Nde2 Bc6 19. Re3 Ne5 20. Qd2 Qf6 21.
Rf1 Ng4 22. Rg3 Qh4 23. Rh3 Qe7 24. Rg3 Qh4 25. Rh3 Qe7 26. Rg3 Qh4 1/2-1/2

[Event "Int. Championship of Central Serbia - OP"]
[Site "Paracin"]
[Date "2011.07.09"]
[Round "3.12"]
[White "Djukic, Nikola"]
[Black "Kislik, Erik Andrew"]
[Result "1-0"]
[WhiteElo "2508"]
[BlackElo "2328"]
[PlyCount "97"]
[EventDate "2011.07.08"]

1. Nf3 Nf6 2. g3 d5 3. Bg2 e6 4. O-O Be7 5. d3 O-O 6. Nbd2 c5 7. e4 Nc6 8. Re1
b6 9. e5 Nd7 10. Nf1 Re8 11. h4 f6 12. exf6 Bxf6 13. Ng5 Nde5 14. Qh5 Bxg5 15.
Bxg5 Qd7 16. Ne3 Bb7 17. Ng4 Qf7 18. Qxf7+ Nxf7 19. Bd2 Rad8 20. f4 Nd6 21. Ne5
Nxe5 22. Rxe5 d4 23. Bh3 Kf7 24. Rae1 Bd5 25. f5 Nxf5 26. Bxf5 exf5 27. Rxf5+
Kg8 28. Rxe8+ Rxe8 29. Rxd5 Re2 30. Bf4 Rxc2 31. b4 cxb4 32. Rd8+ Kf7 33. Rd7+
Kf6 34. Rxa7 Rc3 35. Rb7 Rxd3 36. Rxb6+ Kf5 37. Rxb4 Ra3 38. Rxd4 Rxa2 39. Rd2
Ra7 40. Kg2 Kf6 41. Rc2 Ra5 42. Kf3 h5 43. Rc6+ Kf7 44. Be3 g6 45. Bd4 Rf5+ 46.
Ke4 Rf1 47. Kd5 Rf3 48. Rc7+ Kf8 49. Ke6 1-0

[Event "Int. Championship of Central Serbia - OP"]
[Site "Paracin"]
[Date "2011.07.09"]
[Round "3.14"]
[White "Arsovic, Zoran"]
[Black "Dinic, Dragan"]
[Result "1-0"]
[WhiteElo "2463"]
[BlackElo "2297"]
[PlyCount "49"]
[EventDate "2011.07.08"]

1. Nf3 Nf6 2. c4 g6 3. Nc3 d5 4. cxd5 Nxd5 5. Qb3 Nb6 6. d4 Bg7 7. e4 O-O 8. h3
Nc6 9. d5 Nd4 10. Nxd4 Bxd4 11. Bh6 Bg7 12. Bxg7 Kxg7 13. Rd1 Bd7 14. Be2 Qe8
15. O-O e5 16. Bb5 c6 17. dxc6 Bxc6 18. a4 a6 19. Bxc6 Qxc6 20. a5 Nc4 21. Nd5
Nxa5 22. Qb4 Qb5 23. Qe7 Qc6 24. Qxe5+ f6 25. Qc7+ 1-0

[Event "Int. Championship of Central Serbia - OP"]
[Site "Paracin"]
[Date "2011.07.09"]
[Round "3.15"]
[White "Ravic, Nenad"]
[Black "Indjic, Aleksandar"]
[Result "0-1"]
[WhiteElo "2311"]
[BlackElo "2373"]
[PlyCount "58"]
[EventDate "2011.07.08"]

1. e4 c5 2. Nf3 Nc6 3. d4 cxd4 4. Nxd4 Nf6 5. Nc3 d6 6. Bc4 Qb6 7. Be3 Qc7 8.
Nd5 Nxd5 9. Bxd5 e6 10. Bb3 Be7 11. O-O O-O 12. f4 Na5 13. Qd3 Nxb3 14. Qxb3
Kh8 15. Rad1 b6 16. f5 Ba6 17. Rf2 e5 18. Nb5 Qc6 19. Nc3 Bc4 20. Qa3 f6 21. b3
Bf7 22. Nd5 Rfe8 23. c4 Bf8 24. Qa6 Rec8 25. a4 Qe8 26. Ra2 Bxd5 27. Rxd5 Qh5
28. Rd3 Qh4 29. Rf2 Qxe4 0-1

[Event "Int. Championship of Central Serbia - OP"]
[Site "Paracin"]
[Date "2011.07.09"]
[Round "3.17"]
[White "Wilke, Werner"]
[Black "Damljanovic, Branko"]
[Result "0-1"]
[WhiteElo "2198"]
[BlackElo "2611"]
[PlyCount "159"]
[EventDate "2011.07.08"]

1. e4 c5 2. Nf3 e6 3. c3 Nf6 4. e5 Nd5 5. d4 cxd4 6. cxd4 b6 7. a3 Be7 8. Bd3
Ba6 9. O-O O-O 10. Nc3 Nxc3 11. bxc3 Bxd3 12. Qxd3 d5 13. exd6 Qxd6 14. c4 Nc6
15. Rd1 Rfd8 16. g3 Rac8 17. Bf4 Qd7 18. Rac1 f6 19. d5 e5 20. Be3 Qg4 21. Nd2
Na5 22. f4 Bd6 23. Ne4 Nxc4 24. Nxd6 Rxd6 25. fxe5 fxe5 26. Bf2 Rf6 27. Re1 Rf3
28. Qe4 Qxe4 29. Rxe4 b5 30. a4 a6 31. axb5 axb5 32. Rxe5 Rcf8 33. Re2 Rd3 34.
d6 Nxd6 35. Rc7 Rf7 36. Rc6 h5 37. Re5 Rd1+ 38. Re1 Rd5 39. Re6 Nc4 40. Rc5
Rxc5 41. Bxc5 Rf5 42. Rc6 Rd5 43. Rc7 g5 44. Bb4 Ne5 45. Rb7 Nd7 46. Kf2 Kf7
47. Ke3 Ke6 48. h3 Kf5 49. Rc7 Ne5 50. Rc5 Nc4+ 51. Kf3 g4+ 52. hxg4+ hxg4+ 53.
Ke2 Rxc5 54. Bxc5 Ke4 55. Be7 Ne3 56. Bd6 Nf5 57. Bb8 b4 58. Bc7 Nd4+ 59. Kd2
Nb5 60. Bf4 Kd4 61. Kc2 Kc4 62. Kb2 Nc3 63. Be5 Ne4 64. Kc2 b3+ 65. Kb2 Nf2 66.
Bf6 Nd3+ 67. Ka3 Nc5 68. Kb2 Ne4 69. Be5 Kb4 70. Bf4 Ka4 71. Be5 Nd2 72. Bf6
Nc4+ 73. Kb1 Kb4 74. Bd4 Kb5 75. Ba7 Kc6 76. Bb8 Kd5 77. Bc7 Ke4 78. Bb8 Kd3
79. Bf4 Kc3 80. Bg5 0-1

[Event "Int. Championship of Central Serbia - OP"]
[Site "Paracin"]
[Date "2011.07.09"]
[Round "3.20"]
[White "Petrovic, Marija"]
[Black "Ardeleanu, Alin"]
[Result "0-1"]
[WhiteElo "2169"]
[BlackElo "2394"]
[Annotator ",WORKGROUP"]
[PlyCount "45"]
[EventDate "2011.07.08"]

1. d4 Nf6 2. Nf3 c5 3. dxc5 Qa5+ 4. Nbd2 e6 5. a3 Bxc5 6. e3 d5 7. Rb1 Be7 8.
b4 Qa4 9. Nd4 Bd7 10. N2f3 O-O 11. Rb3 Rc8 12. Bd3 Bd6 13. Bb2 Be8 14. Qe2 a6
15. Ng5 Nbd7 16. f4 h6 17. h4 Nb6 18. Ndxe6 fxe6 19. Bxf6 gxf6 20. Nxe6 Qd7 21.
Bf5 Qf7 22. Rh3 Kh8 23. Rg3 {...necitko} 0-1

[Event "Int. Championship of Central Serbia - OP"]
[Site "Paracin"]
[Date "2011.07.09"]
[Round "3.21"]
[White "Stefanovic, Vladimir"]
[Black "Andrijevic, Milan"]
[Result "0-1"]
[WhiteElo "2176"]
[BlackElo "2365"]
[PlyCount "98"]
[EventDate "2011.07.08"]

1. c4 e6 2. Nf3 c5 3. g3 Nc6 4. Bg2 Nf6 5. O-O Be7 6. Nc3 d5 7. cxd5 Nxd5 8. d3
O-O 9. Bd2 Nxc3 10. Bxc3 Bd7 11. a4 Rc8 12. Nd2 b6 13. Nc4 Qc7 14. Qb3 Nd4 15.
Bxd4 cxd4 16. Rfc1 Qb8 17. Rc2 a5 18. Rac1 Bb4 19. Na3 Rxc2 20. Nxc2 Rc8 21.
Rb1 Qd6 22. Na3 Qc5 23. Bb7 Rc7 24. Ba6 Bc6 25. Nb5 Rd7 26. Qd1 Qd5 27. f3 h5
28. Rc1 Bc5 29. Na3 Rd8 30. Bb5 Bb7 31. Nc4 h4 32. Qd2 Qf5 33. g4 Qf6 34. Nxa5
Bd5 35. Nc4 Bxc4 36. g5 Qf5 37. Rxc4 Bd6 38. Qe1 Qxg5+ 39. Kh1 Qf4 40. Qf2 Bb8
41. Bc6 g6 42. b4 Kg7 43. a5 bxa5 44. bxa5 Qd2 45. Ba4 Qxa5 46. Kg1 Qg5+ 47.
Qg2 Qd2 48. Kf1 Bf4 49. Qf2 h3 0-1

[Event "Int. Championship of Central Serbia - OP"]
[Site "Paracin"]
[Date "2011.07.09"]
[Round "3.22"]
[White "Mladenovic, Stefan"]
[Black "Pezelj, Novak"]
[Result "0-1"]
[WhiteElo "2161"]
[BlackElo "2364"]
[PlyCount "110"]
[EventDate "2011.07.08"]

1. d4 d5 2. Bf4 Nf6 3. e3 e6 4. Nd2 c5 5. c3 Nc6 6. Bd3 Be7 7. Ngf3 Nh5 8. Bg3
Bd7 9. Ne5 Nxg3 10. hxg3 Nxe5 11. dxe5 Qc7 12. f4 Qb6 13. Qb3 c4 14. Qxb6 axb6
15. Bc2 b5 16. a3 b4 17. cxb4 Bxb4 18. Ke2 Bc5 19. Nf3 b5 20. Nd4 Ke7 21. g4 h6
22. Raf1 c3 23. bxc3 Rxa3 24. Rb1 Rxc3 25. Bd3 Ra8 26. Ra1 Rca3 27. Rxa3 Rxa3
28. Rb1 Ra2+ 29. Kf3 Ra3 30. Ke2 Bxd4 31. exd4 Ra5 32. f5 Ra2+ 33. Kf3 exf5 34.
Bxf5 Ra3+ 35. Ke2 Ra4 36. Ke3 b4 37. Rc1 Ra3+ 38. Kf2 Ra4 39. Rc5 Be8 40. Bc2
Ra2 41. Ke1 Ra1+ 42. Kd2 Rg1 43. Rc7+ Kd8 44. Ra7 Rxg2+ 45. Kc1 b3 46. Bxb3
Rxg4 47. Bxd5 Rxd4 48. Bxf7 Bxf7 49. Rxf7 Rd7 50. Rf8+ Ke7 51. Ra8 Ke6 52. Ra5
Kf5 53. Rc5 Re7 54. e6+ Kxe6 55. Kd2 Kf6 0-1

[Event "Int. Championship of Central Serbia - OP"]
[Site "Paracin"]
[Date "2011.07.09"]
[Round "3.24"]
[White "Tosic, Srecko"]
[Black "Jeremic, Milan"]
[Result "1-0"]
[WhiteElo "2342"]
[BlackElo "2172"]
[PlyCount "95"]
[EventDate "2011.07.08"]

1. e4 c6 2. d4 d5 3. e5 a6 4. Bd3 c5 5. c3 Nc6 6. Ne2 g6 7. O-O Nh6 8. Be3 Nf5
9. Bxf5 Bxf5 10. h3 h5 11. Nd2 Qd7 12. Nf3 c4 13. b3 b5 14. a4 Na5 15. axb5
Nxb3 16. Rxa6 Rb8 17. e6 fxe6 18. Nf4 Qxb5 19. Nxe6 Rc8 20. g4 hxg4 21. hxg4
Qxa6 22. gxf5 gxf5 23. Nfg5 Rc6 24. Nf4 Rch6 25. Nxd5 Qd6 26. Nf4 Rg8 27. Nh5
Rhg6 28. f4 Bh6 29. Rf2 Qd5 30. Ng3 Ra6 31. Qh5+ Kd7 32. Re2 Bxg5 33. fxg5 Ra1+
34. Kf2 Nc1 35. Bxc1 Rxc1 36. Re5 Rc2+ 37. Ne2 Qd6 38. Qf7 Rh8 39. Qxf5+ e6 40.
Qxc2 Qf8+ 41. Ke1 Rh1+ 42. Kd2 Ra1 43. Qb2 Qa8 44. Qb5+ Ke7 45. Qxc4 Ra2+ 46.
Ke3 Rxe2+ 47. Qxe2 Qh1 48. Kd2 1-0

[Event "Int. Championship of Central Serbia - OP"]
[Site "Paracin"]
[Date "2011.07.09"]
[Round "3.25"]
[White "Colovic, Zoran"]
[Black "Brankovic, Dejan"]
[Result "0-1"]
[WhiteElo "2154"]
[BlackElo "2338"]
[PlyCount "120"]
[EventDate "2011.07.08"]

1. e4 c5 2. c3 d6 3. d4 Nf6 4. Bd3 Nc6 5. Nf3 g6 6. d5 Nb8 7. c4 Bg7 8. Nc3 O-O
9. O-O a6 10. Bd2 e6 11. Rb1 exd5 12. Nxd5 Nxd5 13. exd5 b5 14. cxb5 axb5 15.
Bxb5 Bf5 16. a4 Bxb1 17. Qxb1 Nd7 18. Bc3 Nb6 19. Qe4 Bxc3 20. bxc3 Qf6 21. Bc6
Ra7 22. h4 Nd7 23. Rc1 Rb8 24. Bb5 Kg7 25. Bc6 Rb2 26. Qe3 Nb6 27. Qg5 h6 28.
Qg4 Qf5 29. Qxf5 gxf5 30. Ra1 Nc4 31. Re1 Rc2 32. Re8 Rxc3 33. h5 Rd3 34. Nh4
Kf6 35. Rh8 Kg5 36. g3 f4 37. Rg8+ Kf6 38. gxf4 Rh3 39. Ng2 Rxh5 40. Rd8 Ke7
41. Re8+ Kf6 42. Rd8 Rh3 43. Bb5 Rc3 44. Rh8 Kg7 45. Rd8 Re7 46. a5 Nxa5 47.
Rxd6 Rb7 48. Be2 Rb1+ 49. Kh2 Rb2 50. Bh5 Rxf2 51. Kg1 Rd2 52. Rd7 Rg3 53.
Rxf7+ Kg8 54. Re7 Rgxg2+ 55. Kf1 Rg7 56. Re8+ Kh7 57. Bf3 Rf7 58. Ke1 Nc4 59.
Re4 Rd4 60. Re6 Rfxf4 0-1

[Event "Int. Championship of Central Serbia - OP"]
[Site "Paracin"]
[Date "2011.07.09"]
[Round "3.26"]
[White "Gajovic, Dragan"]
[Black "Savicevic, Vlatko"]
[Result "1/2-1/2"]
[WhiteElo "2121"]
[BlackElo "2334"]
[PlyCount "55"]
[EventDate "2011.07.08"]

1. Nf3 Nf6 2. g3 e6 3. Bg2 d5 4. O-O Be7 5. b3 b6 6. c4 Bb7 7. cxd5 exd5 8. d4
O-O 9. Ba3 Bxa3 10. Nxa3 Nbd7 11. Rc1 c6 12. Nc2 Re8 13. Nb4 c5 14. Nd3 Qe7 15.
Re1 Rac8 16. e3 Ne4 17. Bh3 Rc7 18. Re2 Ndf6 19. Rec2 Bc8 20. Bg2 Bf5 21. Nfe5
Rec8 22. g4 Be6 23. f3 Nd6 24. dxc5 bxc5 25. Rxc5 Rxc5 26. Rxc5 Rxc5 27. Nxc5
Bxg4 28. Qd4 1/2-1/2

[Event "Int. Championship of Central Serbia - OP"]
[Site "Paracin"]
[Date "2011.07.09"]
[Round "3.27"]
[White "Djurovic, Goran"]
[Black "Marjanovic, Dejan"]
[Result "1/2-1/2"]
[WhiteElo "2328"]
[BlackElo "2153"]
[PlyCount "225"]
[EventDate "2011.07.08"]

1. g3 g6 2. Bg2 Bg7 3. e4 c5 4. Nf3 Nc6 5. O-O d6 6. h3 Nf6 7. Re1 O-O 8. c3
Nd7 9. d3 Rb8 10. a4 a6 11. Kh2 b5 12. axb5 axb5 13. d4 b4 14. Be3 bxc3 15.
bxc3 cxd4 16. cxd4 Nb6 17. Nbd2 d5 18. e5 Bf5 19. Nh4 Bd3 20. Nb3 Bc4 21. Nc5
Nd7 22. Nxd7 Qxd7 23. f4 Nb4 24. f5 gxf5 25. Qh5 Bd3 26. Rf1 Nc2 27. Bh6 Bxh6
28. Qxh6 Qe6 29. Qd2 Nxa1 30. Qxd3 Nb3 31. Nxf5 Kh8 32. Rf4 Rg8 33. Ne3 Qg6 34.
Qxg6 fxg6 35. Nxd5 Rgf8 36. Rh4 Nd2 37. Nxe7 Nf3+ 38. Bxf3 Rxf3 39. Kg2 Rd3 40.
Rf4 Rb2+ 41. Rf2 Rxf2+ 42. Kxf2 Rxd4 43. Ke3 Rd1 44. h4 Kg7 45. Nc6 Rc1 46. Nd4
Kf7 47. Ke4 h5 48. Ne2 Re1 49. Kf3 Ke6 50. Nf4+ Kf5 51. e6 Rf1+ 52. Ke3 Re1+
53. Kd4 Re5 54. Nxg6 Rxe6 55. Nf4 Rd6+ 56. Ke3 Kg4 57. Ne2 Rf6 58. Nf4 Rf5 59.
Kf2 Ra5 60. Ne2 Ra3 61. Kg1 Kf3 62. Nf4 Kxg3 63. Nxh5+ Kxh4 64. Nf4 Kg3 65.
Ne2+ Kf3 66. Nd4+ Ke4 67. Ne2 Ke3 68. Ng3 Kf3 69. Kh2 Ra2+ 70. Kh3 Ra8 71. Kh4
Ra4+ 72. Kh3 Ra2 73. Nh5 Ra6 74. Kh4 Rg6 75. Kh3 Rg4 76. Nf6 Rg1 77. Kh4 Rg2
78. Nh5 Rg4+ 79. Kh3 Ra4 80. Ng3 Ra5 81. Kh4 Ra6 82. Nh5 Rg6 83. Kh3 Rg2 84.
Kh4 Rg1 85. Nf6 Rg6 86. Nh5 Rg4+ 87. Kh3 Rd4 88. Ng3 Kf2 89. Nh5 Kg1 90. Ng3
Ra4 91. Nf5 Kf2 92. Nh4 Rb4 93. Ng2 Rb3+ 94. Kh2 Rg3 95. Nh4 Rc3 96. Ng2 Kf3
97. Nh4+ Kg4 98. Ng2 Rc2 99. Kg1 Kg3 100. Ne1 Re2 101. Kf1 Rd2 102. Kg1 Kf4
103. Ng2+ Kf3 104. Ne1+ Ke2 105. Ng2 Rd1+ 106. Kh2 Kf2 107. Nh4 Rd3 108. Ng2
Rg3 109. Nh4 Rg1 110. Kh3 Rg8 111. Kh2 Ke3 112. Ng2+ Rxg2+ 113. Kxg2 1/2-1/2

[Event "Int. Championship of Central Serbia - OP"]
[Site "Paracin"]
[Date "2011.07.09"]
[Round "3.29"]
[White "Sarenac, Ivan"]
[Black "Vucinic, Gojko"]
[Result "0-1"]
[WhiteElo "2315"]
[BlackElo "2081"]
[PlyCount "92"]
[EventDate "2011.07.08"]

1. e4 c5 2. Nf3 a6 3. c3 e6 4. d4 d5 5. e5 Bd7 6. Bd3 cxd4 7. Nxd4 Nc6 8. Nxc6
Bxc6 9. O-O Ne7 10. Qe2 d4 11. c4 Ng6 12. f4 Bc5 13. Nd2 O-O 14. Ne4 Ba7 15.
Bd2 b5 16. b3 bxc4 17. bxc4 Rb8 18. Kh1 Rb2 19. Ng5 Nxf4 20. Rxf4 Qxg5 21. Rf2
Qh4 22. Raf1 Bb8 23. Qe1 Qh5 24. Bf4 Rxf2 25. Rxf2 Qg4 26. Bg3 f5 27. Rf4 Qg5
28. h4 Qd8 29. Qe2 Ba7 30. Rf1 Bc5 31. Kg1 Qa5 32. Rb1 Be4 33. Kh2 Bxd3 34.
Qxd3 Qxa2 35. Rb7 f4 36. Be1 f3 37. Qf1 f2 38. Bb4 Bxb4 39. Rxb4 Qd2 40. Rb1
Qf4+ 41. g3 Qxe5 42. c5 Qxc5 43. Qxa6 e5 44. Qe6+ Kh8 45. Kg2 d3 46. h5 Qe3 0-1

[Event "Int. Championship of Central Serbia - OP"]
[Site "Paracin"]
[Date "2011.07.09"]
[Round "3.30"]
[White "Zarkovic, Mila"]
[Black "Toth, Aleksandar"]
[Result "0-1"]
[WhiteElo "2015"]
[BlackElo "2315"]
[PlyCount "40"]
[EventDate "2011.07.08"]

1. e4 e5 2. Nf3 Nc6 3. Bb5 f5 4. Nc3 Nf6 5. Qe2 Bc5 6. d3 Nd4 7. Nxd4 Bxd4 8.
O-O O-O 9. Bc4+ Kh8 10. Nd5 Nxd5 11. Bxd5 f4 12. Qf3 d6 13. c3 Bb6 14. Rd1 Qh4
15. h3 g5 16. g4 h5 17. Qg2 hxg4 18. hxg4 Bxg4 19. Rd2 Kg7 20. d4 Rh8 0-1

[Event "Int. Championship of Central Serbia - OP"]
[Site "Paracin"]
[Date "2011.07.09"]
[Round "3.31"]
[White "Zajic, Milan"]
[Black "Milosevic, Aleksandar"]
[Result "1/2-1/2"]
[WhiteElo "2074"]
[BlackElo "2295"]
[PlyCount "42"]
[EventDate "2011.07.08"]

1. e4 c6 2. d4 d5 3. Nd2 dxe4 4. Nxe4 Nf6 5. Nxf6+ exf6 6. Bc4 Bd6 7. Qe2+ Be7
8. Nf3 O-O 9. O-O Bg4 10. Be3 Nd7 11. h3 Bh5 12. Bd3 Bg6 13. Rad1 Re8 14. c4
Qc7 15. a3 a5 16. Rfe1 Rad8 17. c5 Bxd3 18. Rxd3 f5 19. Qd2 Nf6 20. Bf4 Qc8 21.
Qc2 g6 1/2-1/2

[Event "Int. Championship of Central Serbia - OP"]
[Site "Paracin"]
[Date "2011.07.09"]
[Round "3.32"]
[White "Grbic, Branko"]
[Black "Stanojevic, Branko"]
[Result "0-1"]
[WhiteElo "1922"]
[BlackElo "2292"]
[PlyCount "90"]
[EventDate "2011.07.08"]

1. e4 g6 2. d4 Bg7 3. c3 d6 4. Bc4 Nf6 5. Qe2 e5 6. Bg5 h6 7. Bh4 O-O 8. Nd2
Nc6 9. d5 Ne7 10. Bb3 c6 11. c4 Nh5 12. Bxe7 Qxe7 13. Ngf3 Nf4 14. Qf1 cxd5 15.
cxd5 Bd7 16. O-O-O Rac8+ 17. Kb1 Rc5 18. Rc1 Rfc8 19. Rxc5 Rxc5 20. h4 a5 21.
a4 b5 22. g3 bxa4 23. Bc4 Nh5 24. Qd3 Nf6 25. Rc1 Qd8 26. Ba2 Bb5 27. Nc4 Ng4
28. Qd2 Qc7 29. Qc2 Nxf2 30. Nfd2 h5 31. b3 axb3 32. Qxb3 Bh6 33. Rc2 Bxc4 34.
Nxc4 Nxe4 35. Ka1 Nd2 36. Qa4 Kf8 37. Kb2 Nxc4+ 38. Bxc4 e4 39. Kc3 Bg7+ 40.
Kb3 Be5 41. Re2 f5 42. Re3 Qb6+ 43. Kc2 Rxc4+ 44. Qxc4 Qxe3 45. Qc8+ Kg7 0-1

[Event "Int. Championship of Central Serbia - OP"]
[Site "Paracin"]
[Date "2011.07.09"]
[Round "3.33"]
[White "Ganaus, Hannes"]
[Black "Osmanovic, Faruk"]
[Result "1-0"]
[WhiteElo "2287"]
[BlackElo "2053"]
[PlyCount "129"]
[EventDate "2011.07.08"]

1. Nf3 c5 2. e3 Nf6 3. d4 e6 4. Bd3 Nc6 5. O-O Nb4 6. Be2 b6 7. a3 Nbd5 8. c4
Nc7 9. Nc3 Bb7 10. b3 Be7 11. Qc2 O-O 12. Bb2 Rc8 13. Rad1 cxd4 14. exd4 d6 15.
Rfe1 Qd7 16. Qd3 h6 17. h3 Rfd8 18. Qe3 Nce8 19. Bd3 Bf8 20. Bb1 g6 21. Re2 Bg7
22. Red2 Ba8 23. Bd3 Qb7 24. Bf1 Ne4 25. Nxe4 Qxe4 26. Qxe4 Bxe4 27. Ne1 g5 28.
f3 Bg6 29. Nc2 h5 30. g4 Nc7 31. Ne3 h4 32. d5 Bxb2 33. Rxb2 exd5 34. Nxd5 Nxd5
35. Rxd5 Rc5 36. Rbd2 Rxd5 37. Rxd5 f6 38. Bd3 Bxd3 39. Rxd3 Kf7 40. Kf2 Ke6
41. Rd5 Rc8 42. Ke3 Kd7 43. Rf5 Re8+ 44. Kd2 Re6 45. b4 Ke7 46. f4 gxf4 47.
Rxf4 Re5 48. Kd3 Kf7 49. Re4 Rg5 50. Kd4 a5 51. Re3 axb4 52. axb4 b5 53. c5
dxc5+ 54. bxc5 Rg8 55. c6 b4 56. Kc5 f5 57. Rf3 b3 58. Rxf5+ Ke6 59. Rf2 Rb8
60. Re2+ Kf6 61. c7 Ra8 62. Rb2 Ke7 63. Kc6 Ra2 64. Rxb3 Rc2+ 65. Kb7 1-0

[Event "Int. Championship of Central Serbia - OP"]
[Site "Paracin"]
[Date "2011.07.09"]
[Round "3.34"]
[White "Majeric, Zoran"]
[Black "Ivanovic, Andrej"]
[Result "1-0"]
[WhiteElo "2278"]
[BlackElo "2001"]
[PlyCount "145"]
[EventDate "2011.07.08"]

1. e4 e6 2. Qe2 c5 3. Nf3 Nc6 4. g3 d6 5. Bg2 g6 6. O-O Bg7 7. c3 e5 8. d3 Nge7
9. Na3 O-O 10. Be3 b6 11. Rfd1 a5 12. d4 Ba6 13. Qd2 Qb8 14. dxc5 dxc5 15. Bf1
Bxf1 16. Kxf1 Rd8 17. Qe2 Nc8 18. Qb5 N8a7 19. Qc4 Rxd1+ 20. Rxd1 Qc7 21. Nb5
Nxb5 22. Qxb5 a4 23. Rd5 h6 24. Nd2 Ra5 25. Qd3 Ra7 26. Nc4 Bf8 27. Na3 Qc8 28.
Kg2 Rb7 29. Nb5 Kh7 30. Qc4 Qa8 31. Na3 Qa7 32. Qb5 Na5 33. Rxe5 Re7 34. Rxe7
Qxe7 35. Qd3 Qe6 36. Qd5 g5 37. h3 Be7 38. Kf3 Bf6 39. Qxe6 fxe6 40. Ke2 Bd8
41. Kd3 Kg6 42. f4 Bc7 43. fxg5 hxg5 44. g4 Kf6 45. Nc4 Nc6 46. Nd2 Ne5+ 47.
Ke2 Bd8 48. Nf3 Nxf3 49. Kxf3 e5 50. c4 Kg6 51. Bf2 Be7 52. Kg2 Bd8 53. Bg3 Bf6
54. Be1 Bd8 55. b3 axb3 56. axb3 Be7 57. h4 gxh4 58. Kh3 Bd6 59. Bxh4 Bc7 60.
Be1 Kf6 61. Bd2 Kg6 62. Kg2 Bd8 63. Kh3 Be7 64. Be1 Bd6 65. Bh4 Bc7 66. Kg2 Kf7
67. Kf1 Ke6 68. Ke2 Kd7 69. g5 Ke8 70. g6 Bd6 71. Kf3 Bf8 72. Bf6 Bd6 73. Kg4
1-0